| 000 | 00469nam a22001697a 4500 | ||
|---|---|---|---|
| 005 | 20180813152703.0 | ||
| 008 | 160614b xxu||||| |||| 00| 0 eng d | ||
| 020 | _a81-7036-854-5 | ||
| 041 | _aeng | ||
| 082 |
_b7361 _a658.3 |
||
| 100 |
_aVIRMAN, B.N AND KHLA , RAO _94794 |
||
| 245 | _aEconomic Restructuring technology transfor and Human resource development | ||
| 260 |
_aNew Delhi _bResponse Books, |
||
| 300 | _a306p, | ||
| 650 |
_aManagement _9241 |
||
| 942 | _cBK | ||
| 999 |
_c2616 _d2615 |
||